Countries Closest to Nicaragua - Sudden Death - Statistics

General Stats
  • This quiz has been taken 16 times
  • The average score is 9 of 15
Answers on the Grid
Answers color-coded by a green-red scale on the quiz's grid according to % correct below.
Costa Rica
Honduras
El Salvador
Guatemala
Panama
Colombia
Belize
Mexico
Cuba
Jamaica
Ecuador
United States
Haiti
Venezuela
Bahamas
Peru
Guyana
Suriname
Brazil
Bolivia
Paraguay
Uruguay
Argentina
Dominican Republic
Saint Kitts and Nevis
Dominica
Barbados
Marshall Islands
New Zealand
Mali
 
Answer Stats
Answer % Correct
Panama
89%
Belize
78%
Colombia
78%
Costa Rica
78%
El Salvador
78%
Honduras
78%
Mexico
78%
Guatemala
67%
Venezuela
56%
Haiti
44%
Cuba
33%
Ecuador
33%
Jamaica
33%
United States
33%
Bahamas
0%
No matching quizzes found
Score Distribution
Percent of People with Each Score
Percentile by Number Answered
Your Score History
You have not taken this quiz